000 01581cam a2200277Mi 4500
001 1329338123
003 AUA.1
005 20251121073114.0
008 220530s2022 mdu 001 0 eng|d
020 _a9780925675347
020 _a0925675342
035 _a(OCoLC)1329338123
040 _aAU@
_beng
_erda
_cAU@
_dOCLCF
_dEXN
_dJTL
050 _aBS680.S5
_bM84 2022
082 0 4 _a261.83581
_223
245 0 0 _aSexuality :
_bcontemporary issues from a biblical perspective /
_c/ Ekkehardt Mueller ; Elias Brasil de Souza [Editors]
260 _aSilver Springs, MD :
_bReview and Herald Publishing;
_cc2022.
300 _axv, 625 pages ;
_c23 cm.
490 0 _aBiblical Research Institute Studies in Biblical Ethics ;
_vVolume 2.
520 _aSexuality Contemporary Issues from a Biblical Perspective is the sequel to Marriage: Biblical and Theological Aspects. Focusing on sexuality, this volume addresses several topics of contemporary relevance to individual Christians and church communities around the world. It wrestles with matters directly or indirectly related to marriage, such as cohabitation and polygamy. It also examines topics not necessarily connected to marriage, such as sexual addiction, cybersex, robotic sex, rape, female genital mutilation, child sexual abuse, and queer theology and practice.
650 0 _aSex
_xReligious aspects
_xChristianity.
650 0 _aSex
_xBiblical teaching.
700 1 _aMueller, Ekkehardt,
_d1950-,
_eeditor.
_98042
700 1 _aSouza, Elias Brasil de,
_eeditor.
942 _2lcc
_cBOOK
_hBS 680 .S5
_iM84 2022
999 _c25260
_d25260